MESTSKÁ KNIŽNICA GIRALTOVCE  - online katalóg 

Realistické maliarstvo 19. storočia (Record no. 14992)

000 -NÁVESTIE
fixed length control field 01102nam a2200277 a 4500
008 - ÚDAJE S PEVNOU DĹŽKOU – VŠEOBECNÉ INFORMÁCIE
fixed length control field 951213s1979||||[C 0 slo c
020 ## - MEDZINÁRODNÉ ŠTANDARDNÉ ČÍSLO KNIHY (ISBN)
Údaje o dostupnosti 80 Kčs.
Qualifying information (15000 výtl.)
040 ## - ZDROJ KATALOGIZÁCIE
Pôvodná katalogizujúca agentúra SNK
Jazyk katalogizácie slo
Prepisujúca agentúra SNK
Konvencie popisu AACR2
041 1# - KÓD JAZYKA
Kód jazyka textu/zvukovej stopy alebo samostatných nápisov slo
Kód jazyka originálu a/alebo sprostredkujúcich prekladov textu cze
044 ## - KÓD KRAJINY VYDAVATEĽA/PRODUCENTA
Kód krajiny MARC xo
Kód krajiny ISO SK
080 ## - ČÍSLO MEDZINÁRODNÉHO DESATINNÉHO TRIEDENIA (MDT)
Číslo Medzinárodného desatinného triedenia (MDT) 75.036"18(084.11)
100 1# - OSOBNÉ MENÁ – VŠEOBECNÉ INFORMÁCIE
Osobné meno Sedlář, Jaroslav
Kód roly aut
245 10 - NÁZOV
Názov Realistické maliarstvo 19. storočia
Údaj o zodpovednosti atď. Jaroslav Sedlář ; Božena Grečnerová, Ľubomír Krátky, V. Fyman, I. Kleinová, Ľ. Mišurová, Jaroslav Sedlář
250 ## - ÚDAJ O PORADÍ VYDANIA
Údaj o poradí vydania 1., vyd.
260 ## - VYDAVATEĽSKÉ ÚDAJE, DISTRIBÚCIA ATĎ.
Miesto publikovania, distribúcie atď. Bratislava
Názov vydavateľa, distibútora atď. Pallas
Dátum publikovania, distribúcie atď. 1979
Miesto výroby Martin
Výrobca Tlačiarne SNP
300 ## - FYZICKÝ POPIS
Rozsah 287 s., 34,78 AH
Ďalšie fyzické detaily Fareb. a čiernobiele reprod.
Rozmery 28 cm
490 0# - EDÍCIA
Edícia Galéria
Zväzok/sekvenčné označenie Zv. 3.
500 ## - VŠEOBECNÁ POZNÁMKA
Formátovaná poznámka o obsahu Lit. 310. Ilustr. na front. Zozn. reprod. Reg. výtv. umelcov. 310 zázn. lit. o knihách v jaz. čes., rus., nem., angl., franc., maď. poľ., tal., bulh. a rumun.
700 1# - PRIDANÝ VSTUP – OSOBNÉ MENO
Osobné meno Grečnerová, Božena
Kód roly trl
700 1# - PRIDANÝ VSTUP – OSOBNÉ MENO
Osobné meno Krátky, Ľubomír
Kód roly bkd
700 1# - PRIDANÝ VSTUP – OSOBNÉ MENO
Osobné meno Fyman, V.
Kód roly bkd
700 1# - PRIDANÝ VSTUP – OSOBNÉ MENO
Osobné meno Kleinová, I.
Kód roly bkd
700 1# - PRIDANÝ VSTUP – OSOBNÉ MENO
Osobné meno Mišurová, Ľ.
Kód roly bkd
700 1# - PRIDANÝ VSTUP – OSOBNÉ MENO
Osobné meno Sedlář, Jaroslav
Kód roly bkd
958 ## - Formálny deskriptor
Formálny deskriptor A
Holdings
Stav stiahnutia (Blokovanie) (Withrawn status) Stav straty Stav poškodenia (Damaged status) Nie pre výpožičky (Not for loan) Spôsob nadobudnutia (Collection code) Trvalé umiestnenie Aktuálne umiestnenie Dátum nadobudnutia Náklady, bežná kúpna cena Inventárne číslo (prírastkové číslo) Full call number Dátum posledného výskytu Cena s účinnosťou od Typ jednotky Koha
        Kúpa Mestská knižnica Giraltovce Mestská knižnica Giraltovce 2019-11-29 80.00 14030 I 0129 2019-11-29 2019-11-29 Odborná literatúra pre dospelých

Powered by Koha